|
|
|
|
| LEADER |
01079nam a2200313 a 4500 |
| 001 |
000436450 |
| 003 |
CZ BrMZK |
| 005 |
20241025122624.0 |
| 007 |
ta |
| 008 |
990315s1996 xr f cze d |
| 015 |
|
|
|a cnb000279374
|
| 020 |
|
|
|a 80-86019-06-3
|q (v knize neuvedeno ;
|q brož.)
|z 80-901842-9-4
|
| 035 |
|
|
|a (OCoLC)38297151
|
| 040 |
|
|
|a BOA001
|b cze
|
| 041 |
1 |
|
|a cze
|h fre
|
| 072 |
|
7 |
|a 821.133.1-1
|x Francouzská poezie, francouzsky psaná
|2 Konspekt
|9 25
|
| 080 |
|
|
|a 840
|
| 100 |
1 |
|
|a Daumal, René,
|d 1908-1944
|7 ola2002159097
|4 aut
|
| 245 |
1 |
0 |
|a Černá poesie, bílá poesie /
|c René Daumal ; [z francouzštiny přeložil a uspořádal Ladislav Šerý]
|
| 260 |
|
|
|a Liberec :
|b Dauphin,
|c 1996
|
| 300 |
|
|
|a 173 s. ;
|c 21 cm
|
| 490 |
1 |
|
|a Ad usum delphini
|
| 655 |
|
7 |
|a výbory
|7 fd133853
|2 czenas
|
| 700 |
1 |
|
|a Šerý, Ladislav,
|d 1958-
|7 jn20010602445
|4 trl
|
| 830 |
|
0 |
|a Ad usum delphini
|
| 910 |
|
|
|a BOA001
|b 2-1063.167
|
| 990 |
|
|
|a BK
|
| 991 |
|
|
|f P-DAU
|
| 996 |
6 |
|
|b 2610099314
|c 2-1063.167
|l MZK
|r Sklad / do 1 hodiny
|n 16
|p p.v.
|w 000436450
|u 000010
|a 1
|e BOA001
|j MZK50
|s P
|